000 00595nam a2200241Ia 4500
003 OSt
005 20221005132834.0
006 a|||||r|||| 00| 0
007 ta
008 221004b |||||||| |||| 00| 0 tam d
024 _a51690
037 _cTextual
040 _aCRL
_cCRL
_btam
041 _2tam
_atam
082 _aRxC50mM69, 31J5
100 _aGovindhasamy
_9631116
245 0 _aValluvarum gandhiyum
260 _c1955
300 _a44p.
_ccm.
650 _aPHILOSOPHY
942 _hRxC50mM69, 31J5
_cTEXL
_2cc
999 _c1064987
_d1064987